Online
Catalog

VII congreso internacional interdisciplinario de investigación científica / (Record no. 44042)

MARC details
000 -CABECERA
campo de control de longitud fija 00891nam a2200181 a 4500
001 - NÚMERO DE CONTROL
campo de control 000044553
005 - FECHA Y HORA DE LA ÚLTIMA TRANSACCIÓN
campo de control 20250701130548.0
008 - DATOS DE LONGITUD FIJA--INFORMACIÓN GENERAL
campo de control de longitud fija 140714s2011 dr a 000 0 spa d
040 ## - FUENTE DE LA CATALOGACIÓN
Centro catalogador/agencia de origen DO-SdBNP
Lengua de catalogación spa
Centro/agencia transcriptor BNPHU
082 ## - NÚMERO DE LA CLASIFICACIÓN DECIMAL DEWEY
Número de clasificación xxxx
Número de documento/Ítem xxxx
111 2# - ENTRADA PRINCIPAL--NOMBRE DE CONGRESO/REUNIÓN
Nombre de congreso/reunión o jurisdicción como elemento de entrada VII congreso internacional interdisciplinario de investigación científica
Número del congreso/reunión o número de parte o sección (8vo :
Fecha del congreso/reunión 9-10 de jun. 2011
Sede del congreso/Lugar de la reunión Santo Domingo)
9 (RLIN) 72568
245 10 - MENCIÓN DE TÍTULO
Título VII congreso internacional interdisciplinario de investigación científica /
Mención de responsabilidad, etc. presentación ; Ligia Amada Melo de Cardona ; introdución Carlos Ml. Rodríguez Peña.
246 10 - FORMA VARIANTE DE TÍTULO
Título propio/Titulo breve 8 congreso internacional interdisciplinario de investigación científica
260 ## - PUBLICACIÓN, DISTRIBUCIÓN, ETC.
Lugar de publicación, distribución, etc. Santo Domingo :
Nombre del editor, distribuidor, etc. MESCYT,
Fecha de publicación, distribución, etc. 2011.
300 ## - DESCRIPCIÓN FÍSICA
Extensión 110 p. :
Otras características físicas il. ;
Dimensiones 28 cm.
700 12 - PUNTO DE ACCESO ADICIONAL--NOMBRE DE PERSONA
Nombre de persona Rodríguez Peña, Carlos Ml.
Término indicativo de función/relación introd.
9 (RLIN) 72561
710 1# - PUNTO DE ACCESO ADICIONAL--NOMBRE DE ENTIDAD CORPORATIVA
Nombre de entidad corporativa o nombre de jurisdicción como elemento de entrada República Dominicana.
Unidad subordinada Ministerio de Educación Superior, Ciencia y Tecnología
9 (RLIN) 72559
Holdings
Estado de retiro Estado de pérdida Restricciones de uso No para préstamo Código de colección Localización permanente Ubicación/localización actual Ubicación en estantería Fecha de adquisición Número de inventario Total de préstamos Signatura topográfica completa Código de barras Fecha visto por última vez Número de copia Precio válido a partir de Tipo de ítem Koha
        Monografías: Libros y Folletos General General En catalogación 14.07.2014 LF1   xxxx xxxx E. 3 25.06.2020 e. 3 25.06.2020 Préstamo en sala
      Excluido de préstamo Patrimonio Dominicano Patrimonio Dominicano Patrimonio Dominicano En catalogación 14.07.2014 LF1   xxxx xxxx 44553-10 25.06.2020   25.06.2020 Libro y Folleto Colección Patrimonio Dominicano
      Excluido de préstamo Patrimonio Dominicano Patrimonio Dominicano Patrimonio Dominicano En catalogación 14.07.2014 LF1   xxxx xxxx 44553-20 25.06.2020 e. 2 25.06.2020 Libro y Folleto Colección Patrimonio Dominicano

Powered by Koha